[Event "NOR-chT Clubs"]
[Site "Drammen"]
[Date "2022.05.26"]
[Round "6"]
[White "Bjugn, Emilian Loeve Brand"]
[Black "Fyksen, Edvard Forstrom"]
[Result "0-1"]
[WhiteElo "1426"]
[BlackElo "1424"]
[PlyCount "42"]
[EventDate "2022.05.26"]
[EventType "team-swiss"]
[EventRounds "6"]
[EventCountry "NOR"]
[SourceTitle "EXT 2024"]
[Source "ChessBase"]
[SourceDate "2023.10.10"]
[SourceVersion "1"]
[SourceVersionDate "2023.10.10"]
[SourceQuality "1"]
[WhiteTeam "Baerum II"]
[BlackTeam "Asker IV"]
[WhiteTeamCountry "NOR"]
[BlackTeamCountry "NOR"]

1. d4 Nf6 2. Bf4 d5 3. e3 c5 4. c3 Nc6 5. Nf3 Qb6 6. Qb3 c4 7. Qxb6 axb6 8. Nbd2 Bf5 9. Be2 h6 10. h3 e6 11. 0-0 b5 12. b3 Ba3 13. Rae1 Bb2 14. bxc4 bxc4 15. e4 Nxe4 16. Nxe4 Bxe4 17. Ne5 Bxc3 18. Rd1 Nxd4 19. Bg4 h5 20. Bf3 Bxf3 21. Nxf3 Ne2+ 0-1

[Event "NOR-chT Clubs"]
[Site "Drammen"]
[Date "2022.05.26"]
[Round "4"]
[White "Dorum, Thomas"]
[Black "Fyksen, Edvard Forstrom"]
[Result "0-1"]
[WhiteElo "1474"]
[BlackElo "1424"]
[PlyCount "48"]
[EventDate "2022.05.26"]
[EventType "team-swiss"]
[EventRounds "6"]
[EventCountry "NOR"]
[SourceTitle "EXT 2024"]
[Source "ChessBase"]
[SourceDate "2023.10.10"]
[SourceVersion "1"]
[SourceVersionDate "2023.10.10"]
[SourceQuality "1"]
[WhiteTeam "Oslo SS Bredde II"]
[BlackTeam "Asker IV"]
[WhiteTeamCountry "NOR"]
[BlackTeamCountry "NOR"]

1. Nf3 Nf6 2. c4 c5 3. Nc3 Nc6 4. e4 e6 5. d3 d6 6. Be2 g6 7. Bg5 Bg7 8. 0-0 h6 9. Bf4 0-0 10. e5 dxe5 11. Nxe5 Nd4 12. Qd2 Kh7 13. h4 Nd7 14. Nxd7 Bxd7 15. g3 Bc6 16. Ne4 b6 17. Rfe1 f5 18. Nc3 e5 19. Be3 Nxe2+ 20. Nxe2 Qd7 21. Qc2 f4 22. Bxf4 exf4 23. Nxf4 Rxf4 24. gxf4 Qh3 0-1

[Event "NOR-chT Clubs"]
[Site "Drammen"]
[Date "2022.05.26"]
[Round "2"]
[White "Syvertsen, Rolf Erik"]
[Black "Fyksen, Edvard Forstrom"]
[Result "0-1"]
[WhiteElo "1851"]
[BlackElo "1424"]
[PlyCount "94"]
[EventDate "2022.05.26"]
[EventType "team-swiss"]
[EventRounds "6"]
[EventCountry "NOR"]
[SourceTitle "EXT 2024"]
[Source "ChessBase"]
[SourceDate "2023.10.10"]
[SourceVersion "1"]
[SourceVersionDate "2023.10.10"]
[SourceQuality "1"]
[WhiteTeam "Tonsberg"]
[BlackTeam "Asker IV"]
[WhiteTeamCountry "NOR"]
[BlackTeamCountry "NOR"]

1. d4 Nf6 2. Nf3 e6 3. Bf4 d5 4. e3 c5 5. c3 Nc6 6. Nbd2 Be7 7. Bd3 0-0 8. h4 Re8 9. Ne5 Bf8 10. g4 Nd7 11. g5 Ndxe5 12. dxe5 d4 13. Qc2 g6 14. h5 Nxe5 15. Bxe5 Qd5 16. 0-0-0 Qxe5 17. hxg6 hxg6 18. Bxg6 Bg7 19. Nf3 Qd5 20. Bh7+ Kf8 21. Be4 Qxa2 22. exd4 Bd7 23. Qb1 Qa5 24. Ne5 Ba4 25. Qa2 cxd4 26. Nd7+ Ke7 27. Nf6 Qxg5+ 28. Rd2 Kxf6 29. Qxa4 dxc3 30. bxc3 Bh6 31. f4 Qxf4 32. Qd4+ e5 33. Rxh6+ Qxh6 34. Qd6+ Kg7 35. Qc5 Rad8 36. Qg1+ Kf8 37. Qc5+ Re7 38. Qf2 Qxd2+ 39. Qxd2 Rxd2 40. Kxd2 Kg7 41. c4 Kf6 42. Kc3 Kg5 43. c5 f5 44. Bd5 e4 45. Bc4 f4 46. Kd4 e3 47. Be2 Kh4 0-1